Slow moving debt crises (Record no. 512238)

000 -LEADER
fixed length control field 00411nam a2200145 4500
008 - FIXED-LENGTH DATA ELEMENTS--GENERAL INFORMATION
fixed length control field 191115b ||||| |||| 00| 0 eng d
100 ## - MAIN ENTRY--PERSONAL NAME
Personal name Lorenzoni, Guido
245 ## - TITLE STATEMENT
Title Slow moving debt crises
260 ## - PUBLICATION, DISTRIBUTION, ETC. (IMPRINT)
Name of publisher, distributor, etc American Economic Review
300 ## - PHYSICAL DESCRIPTION
Extent 109(9), Sep, 2019: p.3229-3263.
700 ## - ADDED ENTRY--PERSONAL NAME
Personal name Werning, Ivan
9 (RLIN) 13243
773 ## - HOST ITEM ENTRY
Main entry heading American Economic Review
906 ## - LOCAL DATA ELEMENT F, LDF (RLIN)
Subject DIP External debt
942 ## - ADDED ENTRY ELEMENTS (KOHA)
Source of classification or shelving scheme
Item type Articles
Holdings
Withdrawn status Lost status Source of classification or shelving scheme Damaged status Not for loan Permanent location Current location Date acquired Serial Enumeration / chronology Barcode Date last seen Koha item type
          Indian Institute of Public Administration Indian Institute of Public Administration 2019-11-15 109(9), Sep, 2019: p.3229-3263. AR121629 2019-11-15 Articles

Powered by Koha